000 00292nam a2200145Ia 4500
100 _aEdwards/Dilwyn
250 _a2
942 _cBK
245 _aGuide to mathematical modelling
260 _bPalgrave
_c2007
082 _a511.8
_bEDW
300 _a326
546 _aENGLISH
999 _c33471
_d33471